| 000 | 00384 a2200145 4500 | ||
|---|---|---|---|
| 020 | _a9789693522372 | ||
| 082 | _a891.4391 | ||
| 090 |
_c7148 _d7148 |
||
| 100 | _aQatil Shafai | ||
| 245 |
_aRang-Khushbo-Roshni _cQatil Shafai |
||
| 260 |
_aLahore _bSang-e-Meel Publications _c2009 |
||
| 300 |
_a718 0. ; _b;ill. _c22 cm. |
||
| 650 | _a1. Urdu Literature-Poetry | ||
| 942 |
_cBK _k891.4391 QAT |
||
| 999 |
_c10952 _d10952 |
||